[Event "Budapest FS02 IM-B"]
[Site "Budapest"]
[Date "2003.02.10"]
[Round "10"]
[White "Valaker, Ole Johan"]
[Black "Farago, Sandor"]
[Result "0-1"]
[WhiteElo "2202"]
[BlackElo "2334"]
[PlyCount "224"]
[EventDate "2003.02.01"]
[EventType "tourn"]
[EventRounds "11"]
[EventCountry "HUN"]
[EventCategory "1"]
[SourceTitle "CBM 092 Extra"]
[Source "ChessBase"]
[SourceDate "2003.03.07"]
[SourceVersion "1"]
[SourceVersionDate "2003.03.07"]
[SourceQuality "1"]

1. d4 Nf6 2. Nf3 g6 3. Bg5 Bg7 4. Nbd2 d6 5. c3 0-0 6. e4 Nbd7 7. Be2 e5 8. dxe5 dxe5 9. 0-0 h6 10. Bh4 Qe8 11. Qc2 b6 12. Rfe1 Bb7 13. Bf1 a6 14. b4 Nh5 15. Bc4 Nf4 16. a4 Kh8 17. Bg3 Qe7 18. Nf1 Nf6 19. N3d2 Rad8 20. Rad1 N6h5 21. Ne3 c6 22. Bf1 Bc8 23. Nb3 f5 24. Rxd8 Qxd8 25. exf5 gxf5 26. Nc4 Qc7 27. a5 bxa5 28. Ncxa5 Nxg3 29. hxg3 Nd5 30. c4 Nxb4 31. Qd2 c5 32. Rd1 Re8 33. Be2 e4 34. Bh5 Rg8 35. Qd6 Qxd6 36. Rxd6 Bf8 37. Rb6 Kh7 38. Nb7 Nd3 39. Nd6 Bxd6 40. Rxd6 f4 41. Bf7 Rg7 42. Bd5 Bb7 43. gxf4 Bxd5 44. Rxd5 Nxf4 45. Rxc5 Rxg2+ 46. Kf1 Rg4 47. Rc7+ Kg8 48. c5 Rg7 49. Rc8+ Kh7 50. c6 Nd5 51. Nc5 Nc7 52. Nd7 Ne6 53. Re8 Nc7 54. Nf8+ Kh8 55. Rc8 Nb5 56. Ne6+ Rg8 57. Rxg8+ Kxg8 58. c7 Na7 59. Nc5 a5 60. Nxe4 a4 61. Nc5 a3 62. Ke2 a2 63. Nb3 Kf7 64. Kf3 h5 65. Kf4 Kf6 66. Na1 Nc8 67. Nc2 Nd6 68. Na1 Ke6 69. Kg5 Kd7 70. Kxh5 Kxc7 71. Kg4 Kb6 72. Kf4 Kc5 73. Ke3 Kc4 74. Kd2 Kb4 75. Kc2 Ka3 76. f4 Nb5 77. Kd3 Kb2 78. f5 Kxa1 79. f6 Kb2 80. f7 a1Q 81. f8Q Qd1+ 82. Ke3 Qe1+ 83. Kd3 Qc3+ 84. Ke4 Qd4+ 85. Kf3 Nc3 86. Qb8+ Kc2 87. Qh2+ Kd3 88. Qf4 Ne4 89. Kg2 Qg7+ 90. Kh2 Qh7+ 91. Kg2 Qg6+ 92. Kh3 Qh5+ 93. Kg2 Kd4 94. Qf3 Qg5+ 95. Kh2 Qd2+ 96. Kg1 Qg5+ 97. Kh2 Qh4+ 98. Kg2 Qe1 99. Kh2 Qd2+ 100. Kg1 Qg5+ 101. Kh2 Qh4+ 102. Kg2 Ke5 103. Qe3 Qg4+ 104. Kh2 Qd1 105. Kg2 Kd5 106. Qf3 Qc2+ 107. Kh3 Kd4 108. Kg4 Qc8+ 109. Kh4 Qh8+ 110. Qh5 Qf6+ 111. Kh3 Qf1+ 112. Kh4 Qh1+ 0-1

[Event "Budapest FS02 IM-B"]
[Site "Budapest"]
[Date "2003.02.09"]
[Round "9"]
[White "Werner, Dimo"]
[Black "Valaker, Ole Johan"]
[Result "1-0"]
[WhiteElo "2375"]
[BlackElo "2202"]
[PlyCount "57"]
[EventDate "2003.02.01"]
[EventType "tourn"]
[EventRounds "11"]
[EventCountry "HUN"]
[EventCategory "1"]
[SourceTitle "CBM 092 Extra"]
[Source "ChessBase"]
[SourceDate "2003.03.07"]
[SourceVersion "1"]
[SourceVersionDate "2003.03.07"]
[SourceQuality "1"]

1. Nf3 Nc6 2. d4 d5 3. Bf4 Bg4 4. e3 e6 5. c4 Bb4+ 6. Nc3 Nf6 7. Qb3 Bxf3 8. gxf3 a5 9. a3 a4 10. Qc2 Bd6 11. Bxd6 Qxd6 12. c5 Qe7 13. f4 h6 14. h4 Kd7 15. 0-0-0 g5 16. Bb5 gxh4 17. f5 h5 18. Rxh4 Ne4 19. fxe6+ fxe6 20. Rxe4 dxe4 21. d5 exd5 22. Nxd5 Qe5 23. Nb6+ Ke6 24. Qc4+ Ke7 25. Rd7+ Kf6 26. Nxa8 h4 27. Qf7+ Kg5 28. Rd5 h3 29. Bxc6 1-0

[Event "Budapest FS02 IM-B"]
[Site "Budapest"]
[Date "2003.02.07"]
[Round "7"]
[White "Goczo, Melinda"]
[Black "Valaker, Ole Johan"]
[Result "1-0"]
[WhiteElo "2222"]
[BlackElo "2202"]
[PlyCount "55"]
[EventDate "2003.02.01"]
[EventType "tourn"]
[EventRounds "11"]
[EventCountry "HUN"]
[EventCategory "1"]
[SourceTitle "CBM 092 Extra"]
[Source "ChessBase"]
[SourceDate "2003.03.07"]
[SourceVersion "1"]
[SourceVersionDate "2003.03.07"]
[SourceQuality "1"]

1. d4 d5 2. Nf3 Nc6 3. c4 Bg4 4. cxd5 Bxf3 5. dxc6 Bxc6 6. Nc3 e6 7. a3 Qh4 8. e4 0-0-0 9. b4 f5 10. g3 Qf6 11. Be3 g5 12. f3 Bg7 13. e5 Qe7 14. b5 Bd5 15. Nxd5 exd5 16. Bh3 Kb8 17. Bxf5 Bxe5 18. dxe5 Qxe5 19. Qd4 Qxf5 20. 0-0 Ne7 21. Qxa7+ Kc8 22. Rac1 Kd7 23. Qxb7 Qe5 24. Bb6 Rc8 25. Rfe1 Qf6 26. Rxc7+ Rxc7 27. Qxc7+ Ke8 28. Bc5 1-0

[Event "Budapest FS02 IM-B"]
[Site "Budapest"]
[Date "2003.02.05"]
[Round "5"]
[White "Szabo, Krisztian"]
[Black "Valaker, Ole Johan"]
[Result "1-0"]
[WhiteElo "2239"]
[BlackElo "2202"]
[PlyCount "65"]
[EventDate "2003.02.01"]
[EventType "tourn"]
[EventRounds "11"]
[EventCountry "HUN"]
[EventCategory "1"]
[SourceTitle "CBM 092 Extra"]
[Source "ChessBase"]
[SourceDate "2003.03.07"]
[SourceVersion "1"]
[SourceVersionDate "2003.03.07"]
[SourceQuality "1"]

1. e4 c6 2. d4 d5 3. exd5 cxd5 4. c4 Nf6 5. Nc3 e6 6. Nf3 Bb4 7. Bd3 dxc4 8. Bxc4 0-0 9. 0-0 Nc6 10. Bg5 Be7 11. Re1 b6 12. a3 Bb7 13. Ba2 h6 14. Bh4 Nd5 15. Bg3 Nxc3 16. bxc3 Na5 17. Qd3 Bf6 18. Bb1 Re8 19. Ne5 Rc8 20. Ng4 Nc4 21. Qh7+ Kf8 22. Bd3 Ke7 23. Nxf6 gxf6 24. Rxe6+ Kxe6 25. Bf5+ Ke7 26. Re1+ Ne5 27. dxe5 Rg8 28. exf6+ Kxf6 29. Qxh6+ Rg6 30. Bh4+ Kxf5 31. Qh5+ Rg5 32. g4+ Kf4 33. Bg3+ 1-0

[Event "Budapest FS02 IM-B"]
[Site "Budapest"]
[Date "2003.02.03"]
[Round "3"]
[White "Malanca, Adrian"]
[Black "Valaker, Ole Johan"]
[Result "1/2-1/2"]
[WhiteElo "2247"]
[BlackElo "2202"]
[PlyCount "117"]
[EventDate "2003.02.01"]
[EventType "tourn"]
[EventRounds "11"]
[EventCountry "HUN"]
[EventCategory "1"]
[SourceTitle "CBM 092 Extra"]
[Source "ChessBase"]
[SourceDate "2003.03.07"]
[SourceVersion "1"]
[SourceVersionDate "2003.03.07"]
[SourceQuality "1"]

1. d4 d5 2. c4 Nc6 3. Nc3 Nf6 4. cxd5 Nxd5 5. e4 Nxc3 6. bxc3 e5 7. d5 Nb8 8. Nf3 Bd6 9. Bb5+ Bd7 10. Qb3 0-0 11. Be3 Bg4 12. Nd2 Qh4 13. 0-0 a6 14. Bd3 Nd7 15. f3 Nc5 16. Qc2 Bd7 17. Nb3 Nxd3 18. Qxd3 b6 19. c4 f5 20. Rfc1 fxe4 21. Qxe4 Qf6 22. c5 bxc5 23. Nxc5 Bf5 24. Qc4 Qg6 25. Ne4 Rab8 26. Rab1 Bd7 27. Rxb8 Rxb8 28. Qxa6 Rb2 29. Bf2 h6 30. a4 Kh7 31. Qc4 Rb4 32. Qc3 Rxa4 33. Qc2 Ra5 34. Nxd6 Qxc2 35. Rxc2 cxd6 36. Be3 Rxd5 37. Rd2 Rxd2 38. Bxd2 Kg6 39. Bb4 d5 40. Bd6 Kf5 41. Bf8 Kf6 42. Kf2 h5 43. h4 g6 44. g3 Kf5 45. Bg7 Bb5 46. Bh8 Bd3 47. Bg7 Ba6 48. Bh8 Bb7 49. Bg7 Ke6 50. Bh8 Kd6 51. Bg7 d4 52. Bh8 Kd5 53. Bg7 Bc8 54. Bh8 Bf5 55. Bg7 e4 56. fxe4+ Kxe4 57. Bh8 Bg4 58. Bg7 Kd3 59. Bh8 1/2-1/2

[Event "Bergen Sommer op"]
[Site "Bergen"]
[Date "2002.07.28"]
[Round "9"]
[White "Valaker, Ole Johan"]
[Black "Gabrielsen, Trond"]
[Result "1/2-1/2"]
[WhiteElo "2144"]
[BlackElo "2223"]
[PlyCount "46"]
[EventDate "2002.07.20"]
[EventType "swiss"]
[EventRounds "9"]
[EventCountry "NOR"]
[SourceTitle "CBM 089 Extra"]
[Source "ChessBase"]
[SourceDate "2002.09.10"]
[SourceVersion "2"]
[SourceVersionDate "2002.09.10"]
[SourceQuality "1"]

1. d4 Nf6 2. Nf3 g6 3. c4 Bg7 4. Nc3 0-0 5. e4 d6 6. Be2 e5 7. 0-0 exd4 8. Nxd4 Re8 9. f3 Nc6 10. Nc2 Nh5 11. g4 Be5 12. gxh5 Bxh2+ 13. Kxh2 Qh4+ 14. Kg1 Qg3+ 15. Kh1 Re5 16. f4 Qh3+ 17. Kg1 Qg3+ 18. Kh1 Rxh5+ 19. Bxh5 Qh3+ 20. Kg1 Qg3+ 21. Kh1 Qh3+ 22. Kg1 Qg3+ 23. Kh1 Qh3+ 1/2-1/2

[Event "Bergen Sommer op"]
[Site "Bergen"]
[Date "2002.07.26"]
[Round "7"]
[White "Valaker, Ole Johan"]
[Black "Hersvik, Daniel"]
[Result "1/2-1/2"]
[WhiteElo "2144"]
[BlackElo "2285"]
[PlyCount "135"]
[EventDate "2002.07.20"]
[EventType "swiss"]
[EventRounds "9"]
[EventCountry "NOR"]
[SourceTitle "CBM 089 Extra"]
[Source "ChessBase"]
[SourceDate "2002.09.10"]
[SourceVersion "2"]
[SourceVersionDate "2002.09.10"]
[SourceQuality "1"]

1. d4 Nf6 2. Nf3 g6 3. Bg5 Bg7 4. c3 0-0 5. Nbd2 d6 6. e4 c5 7. d5 e6 8. dxe6 Bxe6 9. Bc4 d5 10. exd5 Bxd5 11. 0-0 Nc6 12. Re1 h6 13. Bxf6 Bxf6 14. Bxd5 Qxd5 15. Ne4 Qxd1 16. Nxf6+ Kg7 17. Nh5+ gxh5 18. Raxd1 Rad8 19. g3 b6 20. Kg2 Rfe8 21. Rxd8 Rxd8 22. Kf1 Kf6 23. Ke2 Kf5 24. Rd1 Rxd1 25. Kxd1 Kg4 26. Ke2 Kh3 27. Ke3 f6 28. Ke2 Na5 29. b3 Nc6 30. Kf1 Ne7 31. c4 Nc6 32. Kg1 Nb4 33. a4 Nc6 34. Nd2 Nd4 35. a5 bxa5 36. Ne4 h4 37. Nxc5 f5 38. Kh1 Kg4 39. gxh4 f4 40. h5 Kf3 41. Kg1 Ke2 42. Kg2 Kd2 43. Nb7 Kc3 44. Nxa5 Kb4 45. Nb7 Nxb3 46. Kf3 Nc5 47. Nd8 Kxc4 48. Nc6 a6 49. Kxf4 Kd5 50. Na5 Ke6 51. Kg4 Nd3 52. f4 Nc5 53. Nc6 Nb7 54. Nd4+ Kd5 55. Nf5 Ke4 56. Nxh6 Nd6 57. Ng8 a5 58. Ne7 a4 59. Nc6 Kd5 60. Ne5 a3 61. h6 a2 62. h7 a1Q 63. h8Q Qg1+ 64. Kh3 Qf1+ 65. Kg3 Qg1+ 66. Kh3 Qe3+ 67. Kg4 Qg1+ 68. Kh3 1/2-1/2

[Event "Bergen Sommer op"]
[Site "Bergen"]
[Date "2002.07.23"]
[Round "4"]
[White "Engelbert, Christoph"]
[Black "Valaker, Ole Johan"]
[Result "1/2-1/2"]
[WhiteElo "2265"]
[BlackElo "2144"]
[PlyCount "93"]
[EventDate "2002.07.20"]
[EventType "swiss"]
[EventRounds "9"]
[EventCountry "NOR"]
[SourceTitle "CBM 089 Extra"]
[Source "ChessBase"]
[SourceDate "2002.09.10"]
[SourceVersion "2"]
[SourceVersionDate "2002.09.10"]
[SourceQuality "1"]

1. e4 c6 2. d4 d5 3. exd5 Nf6 4. dxc6 Nxc6 5. c3 Qb6 6. Nf3 Bg4 7. Be2 Rd8 8. Qb3 e5 9. Qxb6 axb6 10. Nxe5 Nxe5 11. dxe5 Bxe2 12. Kxe2 Ng4 13. Be3 Nxe3 14. fxe3 Rd5 15. Nd2 Rxe5 16. Nf3 Re4 17. Kd3 f5 18. Nd4 g6 19. h3 h5 20. a4 Bh6 21. a5 Rxe3+ 22. Kc4 bxa5 23. Rhe1 Rxe1 24. Rxe1+ Kf7 25. Re5 Rc8+ 26. Kb3 Bg7 27. Rxa5 Bxd4 28. cxd4 Re8 29. Rc5 h4 30. Rc2 Re4 31. Kc4 Ke6 32. Kc5 b6+ 33. Kxb6 Rxd4 34. Ka5 Rd5+ 35. Ka4 g5 36. b4 Rd1 37. b5 Rb1 38. Ka5 Kd5 39. b6 g4 40. hxg4 fxg4 41. Ka6 h3 42. gxh3 gxh3 43. b7 Rb3 44. Re2 Kc6 45. Re6+ Kc7 46. Re7+ Kc6 47. Re6+ 1/2-1/2

[Event "Bergen Sommer op"]
[Site "Bergen"]
[Date "2002.07.22"]
[Round "3"]
[White "Valaker, Ole Johan"]
[Black "Bern, Ivar"]
[Result "1/2-1/2"]
[WhiteElo "2144"]
[BlackElo "2362"]
[PlyCount "31"]
[EventDate "2002.07.20"]
[EventType "swiss"]
[EventRounds "9"]
[EventCountry "NOR"]
[SourceTitle "CBM 089 Extra"]
[Source "ChessBase"]
[SourceDate "2002.09.10"]
[SourceVersion "2"]
[SourceVersionDate "2002.09.10"]
[SourceQuality "1"]

1. d4 f5 2. e4 fxe4 3. Nc3 Nf6 4. Bg5 Nc6 5. d5 Ne5 6. Qd4 Nf7 7. h4 c6 8. 0-0-0 Qb6 9. Bxf6 gxf6 10. Qxe4 Qxf2 11. Nf3 Bh6+ 12. Kb1 Qe3 13. Qb4 Qb6 14. Qe4 Qe3 15. Qb4 Qb6 16. Qe4 1/2-1/2